000 00701nam a22002657a 4500
003 UA-OsUOA
001 30431
007 ta
008 20041110b un ||||| |||| 00| 0 ukr d
100 _aЛукомский В. К.
700 _aМодзалевский В. Л.
090 _a929.6(477)
_bЛ84
942 _cBK
040 _aUA-OsUOA
_brus
_cUA-OsUOA
_dUA-OsUOA
245 _aМалороссийский гербовник
300 _a213 с.
955 _a1
041 _arus
080 _a929.6(477)
020 _a5-325-00320-8
260 _aК.
_bЛибідь
_c1993
044 _aUA
650 7 _a9 Географія. Біографії. Історія
_2UDC
999 _c316843
_d316843